000 00523nam a22001457a 4500
005 20180119111418.0
008 180119b xxu||||| |||| 00| 0 eng d
040 _cPK-LaUMT
082 _aPKAC 297.082
_bJAL-M
100 _aJalal ud Din Umari
245 _aMusalman aurat kay haquq aur unper aitrazat ka jaiza(مسلمان عورت کے حقوق اور ان پر اعتراضات کا جائزہ)/
_cJalal ud Din Umari
260 _aکراچی:
_bاسلامک ریسرچ اکیڈمی
_c2008
300 _a216
942 _cBK
999 _c101885
_d101885